000 00617nam a2200157 i 4500
001 bg
245 0 _aAutomatyzacja systemów biblioteczno-informacyjnych :
_bwybrane zagadnienia /
_c[aut. Stanisław Bekisz et al.].
260 _aWrocław,
_c1977.
490 1 _aPrace Naukowe Biblioteki Głównej i Ośrodka Informacji Naukowo-Technicznej Politechniki Wrocławskiej ;
_v3
830 _aPrace Naukowe Biblioteki Głównej i Ośrodka Informacji Naukowo-Technicznej Politechniki Wrocławskiej ;
040 _cBPK
041 _apol
080 _a002.1:01/02
942 _cKS
008 s pl f |000 0 pol
999 _c17521
_d17521
856 _uhttp://koha.tu.koszalin.pl/cgi-bin/koha/opac-detail.pl?biblionumber=17521
_yKatalog online BPK